000 00383nam a22001577a 4500
999 _c11699
_d11699
003 OSt
008 230114b ||||| |||| 00| 0 eng d
020 _a9788126578061
100 _aPREET,Raman
245 _aFuture of Human Resource Management
250 _aEd.1st
260 _aNew Delhi
_bWiley
_c2019
300 _a153
650 _aHuman Resource Management
942 _2ddc
_cREF